000 01401cam a22003617a 4500
003 CHAP
005 20220329133158.0
008 971013s1990 r 00010 d
010 _a3054
011 _a4026
035 _a3227
040 _cCHAP
090 _aFolleto 12856
100 0 0 _aPalmieri, Viviana.
_985005
245 0 _aEfectos de los cambios estructurales en el Ministerio de Agricultura y Ganadería de Costa Rica, sobre la relación entre investigación y transferencia de tecnología en maíz
260 _aThe Hague :
_bInternational Service for National Agricultural Research,
_c1990
300 _a20 p.
_b: ilus
590 _aBATCH-UPD
_b10
_c20130109
_lUCH01
_h2312
590 _aBATCH-UPD
_b10
_c20130110
_lUCH01
_h0224
590 _aBATCH-UPD
_b10
_c20130110
_lUCH01
_h1101
590 _aBATCH-UPD
_b10
_c20130409
_lUCH01
_h1830
590 _aBATCH-UPD
_b10
_c20130409
_lUCH01
_h2245
590 _aBATCH-UPD
_b10
_c20130913
_lUCH01
_h2058
590 _aCONVERSION
_b10
_c20130109
_lUCH01
_h1303
650 1 4 _aAgricultura
_xCosta Rica.
_91383
650 1 4 _aAgricultura
_xInvestigación
_xCosta Rica.
_91607
650 1 4 _aMaíz
_xInvestigación.
_970984
650 1 4 _aTransferencia de tecnología.
_9114619
710 0 _aServicio Internacional para la Investigación Agrícola Nacional.
_9105308
901 _aBK
942 _cFOLL
949 _aFolleto 12856
_bBC
_cFOLL
_d-12738
_eTS1
_i3227
_mD
_si
999 _c3054
_d3054